| 000 | 00539nam a2200157 a 4500 | ||
|---|---|---|---|
| 001 | 000037039 | ||
| 005 | 20200930080112.0 | ||
| 008 | 120209s1957 pr 000 0 spa d | ||
| 040 |
_aDO-SdBNP _bspa _cBNPHU |
||
| 082 |
_axxxx _bxxxx |
||
| 100 | 1 |
_aJuan Fronfrias, Ernesto _963448 |
|
| 245 | 1 | 0 |
_aPresencia jíbara desde Manuel Alonso hasta Don Florito / _cErnesto Juan Fronfrias. |
| 260 |
_aMéxico, : _bClub de la prensa, _c1957. |
||
| 300 |
_a140 p. ; _c21 cm. |
||
| 504 | _aIncluye referencias bibliográficas y notas al pie de las páginas | ||
| 999 |
_c36529 _d36529 |
||